[Event "4th Al Ain Chess Classic"]
[Site "Al-Ain UAE"]
[Date "2015.12.27"]
[Round "6.39"]
[White "San Juan, Dennis"]
[Black "Hesham, Abdelrahman"]
[Result "1/2-1/2"]
[BlackTitle "IM"]
[WhiteElo "2101"]
[BlackElo "2398"]
[WhiteFideId "5207533"]
[BlackFideId "10600183"]
[EventDate "2015.12.23"]

1. d4 Nf6 2. Nf3 g6 3. g3 Bg7 4. Bg2 O-O 5. O-O d5 6. c4 dxc4 7. Na3 c3 8. bxc3
c5 9. Bb2 Nc6 10. Re1 e5 11. e4 Bg4 12. d5 Na5 13. c4 Ne8 14. Qa4 Bxf3 15. Bxf3
b6 16. Bc3 Nb7 17. Qb3 Nbd6 18. Nc2 Qe7 19. Ne3 f5 20. exf5 gxf5 21. Bg2 h5 22.
f4 e4 23. Qb2 h4 24. a4 hxg3 25. hxg3 Nb7 26. Kf2 Bxc3 27. Qxc3 Qg7 28. Qe5 Ned6
29. Rh1 Rae8 30. Qxg7+ Kxg7 31. Rh5 Na5 32. Rah1 Rh8 33. Bf1 Nb3 34. g4 Nd4 35.
Bg2 Rxh5 36. Rxh5 Rh8 37. Rg5+ Kf7 38. gxf5 a6 39. f6 Kxf6 40. Ng4+ Kf7 41. Ne5+
Ke8 42. Ng6 Rh7 43. Re5+ Kf7 44. Ne7 Rh2 45. Kg3 Rh8 46. Kf2 Re8 47. Nc6 N4f5
48. Bh3 e3+ 49. Ke1 Nd4 50. Rxe8 Kxe8 51. Ne5 Ne4 52. Bg4 Kd8 53. Nf7+ Kc7 54.
Ne5 Kd6 55. Nf7+ Ke7 56. Ne5 Nc3 57. f5 Kf6 58. Nc6 Nxa4 59. Nd8 b5 60. Nb7 b4
61. Bd1 b3 62. d6 Nb6 63. Nxc5 b2 64. Ne4+ Ke5 65. Nc3 Kxd6 66. Be2 Nxf5 67. Bd3
Nd4 68. c5+ Kxc5 69. Bxa6 Nd5 70. Na4+ Kb4 71. Nxb2 Nc3 72. Bd3 Kb3 73. Nd1 Nf3+
74. Kf1 Nxd1 75. Ke2 Kc3 76. Ba6 Kc2 77. Kxf3 Kd2 78. Bf1 Nc3 79. Ba6 Nd5 80.
Bc4 Nb4 81. Ke4 Nc6 82. Bb5 Nb4 83. Bc4 Na2 84. Kf3 Nb4 85. Ke4 Na2 86. Kf3 Nc1
87. Ke4 Nb3 88. Kd5 Na5 89. Ba6 Nb3 90. Bb5 Nc1 91. Ke4 Ne2 92. Ba6 Nc3+ 93. Kd4
Ne2+ 94. Ke4 Ng3+ 95. Kf3 1/2-1/2

[Event "4th Al Ain Chess Classic"]
[Site "Al-Ain UAE"]
[Date "2015.12.27"]
[Round "6.40"]
[White "Arjun Kalyan"]
[Black "Anurag, Mhamal"]
[Result "0-1"]
[BlackTitle "IM"]
[WhiteElo "2107"]
[BlackElo "2390"]
[WhiteFideId "35018701"]
[BlackFideId "5024366"]
[EventDate "2015.12.23"]

1. e4 b6 2. d4 Bb7 3. Bd3 e6 4. Nf3 c5 5. c3 d6 6. O-O Nd7 7. Qe2 Ne7 8. Nbd2
Ng6 9. Nc4 b5 10. Ne3 a6 11. c4 b4 12. Nc2 Be7 13. b3 a5 14. d5 a4 15. bxa4 Nb6
16. Bd2 Bf6 17. Rae1 Rxa4 18. e5 Nxe5 19. Nxe5 dxe5 20. f4 e4 21. Bxe4 O-O 22.
dxe6 Bxe4 23. Qxe4 Qxd2 24. Rd1 Qc3 25. e7 Bxe7 26. Qxe7 Nc8 27. Qe4 Rxa2 28.
Ne3 Nb6 29. Rd3 Qf6 30. f5 h5 31. Rfd1 Ra1 32. Rxa1 Qxa1+ 33. Rd1 Qc3 34. h3 b3
35. Qd3 Na4 36. Qe4 b2 37. Nd5 Qc1 38. Qe2 Rb8 0-1

[Event "4th Al Ain Chess Classic"]
[Site "Al-Ain UAE"]
[Date "2015.12.27"]
[Round "6.41"]
[White "Ahmed, Fareed"]
[Black "Debashis, Das"]
[Result "0-1"]
[WhiteTitle "FM"]
[BlackTitle "GM"]
[WhiteElo "1970"]
[BlackElo "2505"]
[WhiteFideId "9303677"]
[BlackFideId "5024854"]
[EventDate "2015.12.23"]

1. e4 c5 2. Nf3 d6 3. d4 cxd4 4. Nxd4 Nf6 5. Nc3 a6 6. Be2 e6 7. f4 Be7 8. O-O
Nc6 9. Be3 O-O 10. Kh1 Bd7 11. Nb3 b5 12. Bf3 Rb8 13. g4 Ne8 14. g5 b4 15. Ne2
e5 16. Rg1 exf4 17. Nxf4 Bxg5 18. Bg4 Bxg4 19. Qxg4 Bxf4 20. Bxf4 Qe7 21. Bg5 f6
22. Bh4 Rb5 23. Rad1 Re5 24. Nd4 Nxd4 25. Rxd4 a5 26. Rgd1 Qf7 27. Bg3 Rg5 28.
Qe2 Rc5 29. b3 f5 30. exf5 Qxf5 31. Rf4 Qd7 32. Rxf8+ Kxf8 33. Qf3+ Kg8 34. Rd2
Rf5 35. Qe4 d5 36. Qe3 Nf6 37. c4 bxc3 38. Qxc3 Ne4 39. Qxa5 Nxd2 40. Qxd2 d4
41. Qd3 Qd5+ 42. Kg1 Rf3 43. Qa6 d3 0-1

[Event "4th Al Ain Chess Classic"]
[Site "Al-Ain UAE"]
[Date "2015.12.27"]
[Round "6.42"]
[White "Petrosyan, Manuel"]
[Black "Safranska, Anda"]
[Result "1-0"]
[WhiteTitle "IM"]
[BlackTitle "WGM"]
[WhiteElo "2466"]
[BlackElo "2259"]
[WhiteFideId "13300857"]
[BlackFideId "11600209"]
[EventDate "2015.12.23"]

1. d4 d6 2. Nf3 g6 3. g3 Bg7 4. Bg2 Nf6 5. O-O O-O 6. c4 Nc6 7. Nc3 Bf5 8. d5
Na5 9. Nd4 Bd7 10. Qd3 c5 11. Nc2 a6 12. Rb1 b5 13. b3 Rb8 14. Bd2 Qc7 15. e4 e5
16. Ne3 Ne8 17. cxb5 axb5 18. b4 cxb4 19. Rxb4 Qc5 20. Qb1 Nc7 21. a4 f5 22.
axb5 Nxb5 23. Nxb5 Rxb5 24. Rxb5 Bxb5 25. Rc1 Nc4 26. Nxc4 Bxc4 27. Bf1 1-0

[Event "4th Al Ain Chess Classic"]
[Site "Al-Ain UAE"]
[Date "2015.12.27"]
[Round "6.43"]
[White "Mkrtchyan, Sargis R."]
[Black "Abdulov, Orkhan"]
[Result "1-0"]
[BlackTitle "IM"]
[WhiteElo "2236"]
[BlackElo "2356"]
[WhiteFideId "13307878"]
[BlackFideId "13402714"]
[EventDate "2015.12.23"]

1. d4 d6 2. e4 g6 3. c4 Bg7 4. Nc3 Nf6 5. Nf3 O-O 6. h3 e5 7. d5 Nbd7 8. g4 Nc5
9. Qc2 a5 10. Bg5 Qd7 11. Be2 Ne8 12. O-O-O f5 13. gxf5 gxf5 14. Nh4 fxe4 15.
Nxe4 Nxe4 16. Qxe4 Qf7 17. Rhg1 Kh8 18. Rg3 Nf6 19. Qf3 e4 20. Qf4 Nd7 21. Qxf7
Rxf7 22. Rdg1 Ne5 23. b3 Ng6 24. Nxg6+ hxg6 25. Be3 Bf5 26. h4 Be5 27. R3g2 Rh7
28. h5 gxh5 29. Bg5 Rf8 1-0

[Event "4th Al Ain Chess Classic"]
[Site "Al-Ain UAE"]
[Date "2015.12.27"]
[Round "6.44"]
[White "Mammadzada, Gunay"]
[Black "Mohannad, Farhan"]
[Result "1/2-1/2"]
[WhiteTitle "WGM"]
[BlackTitle "FM"]
[WhiteElo "2341"]
[BlackElo "2253"]
[WhiteFideId "13403729"]
[BlackFideId "8100918"]
[EventDate "2015.12.23"]

1. e4 e5 2. Nf3 Nc6 3. Bb5 a6 4. Ba4 Nf6 5. O-O Be7 6. Re1 b5 7. Bb3 d6 8. c3
O-O 9. d4 Bg4 10. Be3 exd4 11. cxd4 Na5 12. Bc2 c5 13. h3 Bh5 14. g4 Bg6 15.
Nbd2 Rc8 16. d5 Nd7 17. Nh2 Nb6 18. f4 h6 19. b3 Bf6 20. Rc1 c4 21. Ndf3 cxb3
22. axb3 Bb2 23. Rb1 Bc3 24. Re2 Bh7 25. g5 Re8 26. f5 Nb7 27. gxh6 Nc5 28. Bd4
Bxd4+ 29. Qxd4 Qf6 30. hxg7 Qxd4+ 31. Nxd4 Kxg7 32. Rf1 Kh8 33. Ng4 Ncd7 34. Re3
a5 35. Bd3 Nc5 36. Bb1 b4 37. Nc6 Rf8 38. Rf4 Ncd7 1/2-1/2

[Event "4th Al Ain Chess Classic"]
[Site "Al-Ain UAE"]
[Date "2015.12.27"]
[Round "6.45"]
[White "Zozulia, Anna"]
[Black "Mammadova, Narmin"]
[Result "0-1"]
[WhiteTitle "IM"]
[BlackTitle "WCM"]
[WhiteElo "2335"]
[BlackElo "2167"]
[WhiteFideId "14102110"]
[BlackFideId "13403710"]
[EventDate "2015.12.23"]

1. e4 c6 2. d4 d5 3. Nc3 dxe4 4. Nxe4 Nf6 5. Nxf6+ exf6 6. Nf3 Bd6 7. Bd3 O-O 8.
O-O Bg4 9. c3 Nd7 10. Bc2 Re8 11. h3 Bh5 12. g4 Bg6 13. Nh4 Bxc2 14. Qxc2 Nf8
15. Ng2 Bc7 16. Bf4 Bxf4 17. Nxf4 Qd6 18. Ng2 Re7 19. Rae1 Rae8 20. Rxe7 Rxe7
21. a3 Qd5 22. Re1 Rxe1+ 23. Nxe1 Ne6 24. Qe2 g6 25. Nd3 Ng5 26. Kh2 Nf3+ 27.
Kg3 Ng1 28. Qf1 Qf3+ 29. Kh2 Ne2 30. Qd1 Nxd4 31. Qxf3 Nxf3+ 32. Kg3 Ne5 33. Nc5
b6 34. Ne4 Nc4 35. b3 Nxa3 36. Nxf6+ Kg7 37. g5 Nb5 38. Ne4 Kf8 39. Kf4 Ke7 40.
Ke5 a5 41. h4 Na3 42. Nd6 b5 43. Nb7 a4 44. bxa4 bxa4 45. Nc5 Nc4+ 46. Kd4 Nb6
47. c4 a3 48. Kc3 a2 49. Nb3 c5 50. Kb2 Nxc4+ 51. Kxa2 Kd6 52. Kb1 Ne5 53. Nd2
Nd3 54. f3 Ne1 55. Ne4+ Ke5 0-1

[Event "4th Al Ain Chess Classic"]
[Site "Al-Ain UAE"]
[Date "2015.12.27"]
[Round "6.46"]
[White "Wafa, Shrook"]
[Black "Morchiashvili, Bachana"]
[Result "0-1"]
[WhiteTitle "WGM"]
[BlackTitle "IM"]
[WhiteElo "2115"]
[BlackElo "2326"]
[WhiteFideId "10609970"]
[BlackFideId "13602535"]
[EventDate "2015.12.23"]

1. e4 c5 2. Nf3 e6 3. Nc3 a6 4. g3 d6 5. Bg2 Nf6 6. O-O Be7 7. Re1 Nc6 8. d4
cxd4 9. Nxd4 Nxd4 10. Qxd4 e5 11. Qd3 O-O 12. Bg5 Be6 13. Rad1 Qb6 14. Bxf6 Bxf6
15. b3 Rac8 16. Na4 Qa5 17. Qd2 Bd8 18. Qxa5 Bxa5 19. Re2 b5 20. Nb2 Bc3 21. Nd3
a5 22. Ne1 Rc6 23. f4 f6 24. f5 Bf7 25. Nf3 Rfc8 26. Bf1 Bb4 27. Ra1 Bh5 28. Kg2
Rxc2 29. a3 R2c3 30. axb4 Bxf3+ 31. Kf2 Bxe2 32. Bxe2 axb4 33. Bxb5 Rxb3 34. Bd7
Rc2+ 35. Kg1 Ra3 0-1

[Event "4th Al Ain Chess Classic"]
[Site "Al-Ain UAE"]
[Date "2015.12.27"]
[Round "6.47"]
[White "Mammadova, Gulnar"]
[Black "Pujari, Rucha"]
[Result "1-0"]
[WhiteTitle "WGM"]
[BlackTitle "WFM"]
[WhiteElo "2323"]
[BlackElo "2158"]
[WhiteFideId "13403508"]
[BlackFideId "5024528"]
[EventDate "2015.12.23"]

1. c4 e5 2. Nc3 Nc6 3. g3 g6 4. Bg2 Bg7 5. d3 f5 6. Nf3 Nf6 7. O-O O-O 8. Nd5 d6
9. Bg5 Be6 10. Qd2 Bxd5 11. cxd5 Ne7 12. Nh4 c6 13. dxc6 bxc6 14. e4 Rb8 15. b3
f4 16. Nf3 h6 17. Bxf6 Bxf6 18. d4 exd4 19. Nxd4 Bxd4 20. Qxd4 c5 21. Qc4+ Kh7
22. gxf4 Rxf4 23. Qc1 g5 24. e5 Nf5 25. Qc2 Kg7 26. Rfe1 Nd4 27. Qc3 Rc8 28.
Rad1 dxe5 29. Rxe5 Qf6 30. Qe3 Rf8 31. Rxc5 Rg4 32. Kf1 Rf4 33. Rd2 Kh8 34. Rd5
Qa6+ 35. Kg1 Nf3+ 36. Bxf3 Rxf3 37. Qd4+ Qf6 38. Qxa7 Rf4 39. Rd6 Rg4+ 40. Kf1
Qf5 41. Qe7 Re4 42. Rxh6+ Kg8 43. Qb7 Rf4 44. Qd5+ Qxd5 45. Rxd5 Rxf2+ 46. Ke1
R8f3 47. Rxg5+ Kf7 48. Rg3 Rf1+ 49. Kd2 R3f2+ 50. Kc3 Rxa2 51. h3 Rf4 52. Rd3
Re2 53. Rd7+ Ke8 54. Ra7 Rf3+ 55. Kb4 Re4+ 56. Ka3 Rf8 57. Rb6 Re7 58. Rb8+ 1-0

[Event "4th Al Ain Chess Classic"]
[Site "Al-Ain UAE"]
[Date "2015.12.27"]
[Round "6.48"]
[White "Algildah, Khalid"]
[Black "Kurbonboeva, Sarvinoz"]
[Result "1/2-1/2"]
[WhiteTitle "FM"]
[BlackTitle "WIM"]
[WhiteElo "2086"]
[BlackElo "2295"]
[WhiteFideId "7600828"]
[BlackFideId "14201780"]
[EventDate "2015.12.23"]

1. d4 Nf6 2. c4 g6 3. Nc3 Bg7 4. e4 d6 5. Nge2 O-O 6. Ng3 Nbd7 7. Be2 e5 8. d5
a5 9. h4 h5 10. Bg5 Nc5 11. Bxh5 Qe8 12. Be2 Nh5 13. Be3 Bd7 14. Qd2 Nxe4 15.
Ngxe4 f5 16. f3 fxe4 17. Nxe4 Nf6 18. O-O-O b5 19. c5 Nxe4 20. fxe4 dxc5 21.
Bxc5 Rf4 22. Bf3 Bg4 23. Bxg4 Rxg4 24. Qe2 Rf4 25. g3 Rf7 26. Kb1 Ra6 27. h5
gxh5 28. Rxh5 Raf6 29. Rdh1 Rf3 30. g4 R7f6 31. Rf5 Rf4 32. a4 bxa4 33. Qc4 Rf7
34. Qa6 Rf6 35. Qxa5 Qd7 36. Qa8+ Kf7 37. Rh7 Rxg4 38. Qf8+ Kg6 39. Rxf6+ Kxh7
40. Qf7 Qxf7 41. Rxf7 Rxe4 42. Rxc7 Kg6 43. d6 Bf6 44. d7 Re1+ 45. Kc2 Bg5 46.
Bb6 Kf5 47. Ra7 Rc1+ 48. Kd3 Rd1+ 49. Kc4 Ke6 50. Kb5 Rxd7 51. Rxd7 Kxd7 52.
Kxa4 Kc6 53. Bg1 e4 54. b4 e3 55. b5+ Kb7 56. Bxe3 1/2-1/2

[Event "4th Al Ain Chess Classic"]
[Site "Al-Ain UAE"]
[Date "2015.12.27"]
[Round "6.49"]
[White "Hojjatova, Aydan"]
[Black "Mayed AlRashedi"]
[Result "1-0"]
[WhiteTitle "WFM"]
[BlackTitle "FM"]
[WhiteElo "2288"]
[BlackElo "1895"]
[WhiteFideId "13401491"]
[BlackFideId "9303871"]
[EventDate "2015.12.23"]

1. e4 e5 2. Nc3 Nf6 3. g3 d5 4. exd5 Nxd5 5. Bg2 Nb6 6. Nf3 Nc6 7. O-O Be7 8.
Re1 f6 9. d3 Bg4 10. h3 Bh5 11. Be3 O-O 12. Qd2 Qd7 13. g4 Bf7 14. Rad1 Rad8 15.
Qc1 Nd5 16. d4 Nxe3 17. fxe3 exd4 18. Nxd4 Nxd4 19. Rxd4 Qc8 20. Red1 f5 21.
Rxd8 Bxd8 22. gxf5 Qxf5 23. Rf1 Qg6 24. Kh1 c6 25. Qd2 Bc7 26. Qf2 Qd6 27. Be4
Qg3 28. Qxg3 Bxg3 29. Na4 g6 30. Nc5 b6 31. Nd7 Rc8 32. Kg2 Bh4 33. b3 c5 34.
Rd1 Re8 35. Kf3 Kg7 36. c4 g5 37. Bf5 Bh5+ 38. Bg4 Bg6 39. Rd6 Be4+ 40. Ke2 Bg3
41. Nf6 1-0

[Event "4th Al Ain Chess Classic"]
[Site "Al-Ain UAE"]
[Date "2015.12.27"]
[Round "6.50"]
[White "Prathamesh, Sunil Mokal"]
[Black "Rahul Srivatshav P"]
[Result "1-0"]
[WhiteTitle "IM"]
[WhiteElo "2393"]
[BlackElo "2086"]
[WhiteFideId "5006040"]
[BlackFideId "25059653"]
[EventDate "2015.12.23"]

1. e4 c5 2. Nf3 e6 3. d4 cxd4 4. Nxd4 Nc6 5. Nc3 Qc7 6. Be2 Nf6 7. O-O Be7 8.
Be3 O-O 9. Ndb5 Qb8 10. a4 a6 11. Na3 b6 12. f4 d5 13. exd5 Rd8 14. dxc6 Rxd1
15. Raxd1 Nd5 16. Nxd5 exd5 17. c4 d4 18. Bxd4 f6 19. Bf3 Bd6 20. Bd5+ Kf8 21.
a5 Bc7 22. Kh1 Bg4 23. Rde1 Ra7 24. Re3 bxa5 25. Rfe1 Bh5 26. Rb3 Qd8 27. Bxa7
Qd6 28. Bb6 g5 29. Bxc7 Qxc7 30. Rb7 Qxf4 31. c7 Bg4 32. c8=Q+ Bxc8 33. Rf7+ 1-0

[Event "4th Al Ain Chess Classic"]
[Site "Al-Ain UAE"]
[Date "2015.12.27"]
[Round "6.51"]
[White "Mammadov, Gulam"]
[Black "Danielyan, Vahe"]
[Result "0-1"]
[WhiteElo "2086"]
[BlackElo "2307"]
[WhiteFideId "13404040"]
[BlackFideId "13304828"]
[EventDate "2015.12.23"]

1. Nf3 Nf6 2. g3 g6 3. Bg2 Bg7 4. O-O O-O 5. d3 d5 6. Nbd2 c5 7. e4 dxe4 8. dxe4
Nc6 9. c3 Bg4 10. Qc2 Qc8 11. Re1 Rd8 12. Nc4 Qe6 13. Nfd2 Bh3 14. Bh1 b5 15.
Ne3 Rac8 16. f4 c4 17. e5 Ng4 18. Ne4 Nxe3 19. Bxe3 Bf5 20. Bf2 g5 21. Bg2 gxf4
22. gxf4 Bh6 23. Bg3 Kh8 24. Qf2 Qg6 25. Nc5 Qh5 26. b4 a5 27. a4 axb4 28. axb5
Nb8 29. cxb4 c3 30. Ra2 c2 31. Rxc2 Bxc2 32. Qxc2 Nd7 33. Qf2 Rb8 34. Bf3 Qg6
35. Rd1 Nxc5 36. Rxd8+ Rxd8 37. bxc5 Bxf4 38. c6 Bxe5 39. b6 Bd4 40. c7 Bxf2+
41. Kg2 Qxb6 0-1

[Event "4th Al Ain Chess Classic"]
[Site "Al-Ain UAE"]
[Date "2015.12.27"]
[Round "6.52"]
[White "Ismael, Namir Mohammed Ismael"]
[Black "Guliyev, Gasan"]
[Result "0-1"]
[WhiteTitle "CM"]
[WhiteElo "2254"]
[BlackElo "2019"]
[WhiteFideId "4800800"]
[BlackFideId "13404407"]
[EventDate "2015.12.23"]

1. Nf3 Nf6 2. g3 d5 3. Bg2 c5 4. O-O Nc6 5. c4 d4 6. d3 g6 7. e3 Bg7 8. exd4
cxd4 9. a3 a5 10. Nbd2 Bf5 11. Qc2 O-O 12. Re1 Qc7 13. Rb1 e5 14. b4 axb4 15.
axb4 Nd7 16. c5 Rac8 17. Nc4 b6 18. Ba3 Na7 19. b5 Nxc5 20. Nfxe5 f6 21. Bxc5
Qxc5 22. Qa2 Kh8 23. Qxa7 fxe5 24. Qxb6 Bxd3 25. Qxc5 Rxc5 26. Nd6 Bxb1 27. Rxb1
d3 28. Rd1 e4 29. Nxe4 Rxb5 30. Rxd3 Rb1+ 31. Bf1 Bf6 32. Kg2 Bd8 33. Be2 Rb2
34. Bf3 Bb6 35. h4 Kg7 36. Rd7+ Rf7 37. Rd6 Ra7 38. g4 Bxf2 39. Nxf2 Raa2 40.
Rd7+ Kf8 41. Kg3 Rxf2 42. Rd1 Rfd2 43. Rb1 Ra3 44. Rb4 Raa2 45. Rb8+ Kg7 0-1

[Event "4th Al Ain Chess Classic"]
[Site "Al-Ain UAE"]
[Date "2015.12.27"]
[Round "6.53"]
[White "Khalafova, Narmin"]
[Black "Saiid, Samir"]
[Result "1-0"]
[WhiteTitle "WIM"]
[WhiteElo "2138"]
[BlackElo "2200"]
[WhiteFideId "13402625"]
[BlackFideId "10601546"]
[EventDate "2015.12.23"]

1. e4 c5 2. Nf3 d6 3. Bb5+ Nc6 4. O-O Bg4 5. h3 Bh5 6. Re1 e5 7. c3 Ne7 8. Na3
a6 9. Bf1 Nc8 10. Nc2 f6 11. d4 Bf7 12. Ne3 Be7 13. d5 Nb8 14. a4 O-O 15. Nf5
Kh8 16. Bd3 g6 17. Nh6 Be8 18. g4 b6 19. Kh2 Bd7 20. Rg1 Na7 21. a5 bxa5 22. c4
Nc8 23. Bd2 a4 24. Bc2 Ra7 25. Bxa4 Bxa4 26. Qxa4 Rb7 27. Ba5 Nb6 28. Qc2 Qe8
29. Bd2 Bd8 30. Ra3 Nc8 31. g5 Ne7 32. gxf6 Rxf6 33. Ng5 Ng8 34. Ng4 Rf8 35. Ne6
Rff7 36. f4 h5 37. Nf2 Kh7 38. f5 gxf5 39. exf5 Bf6 40. Ne4 Rfd7 41. Rxg8 1-0

[Event "4th Al Ain Chess Classic"]
[Site "Al-Ain UAE"]
[Date "2015.12.27"]
[Round "6.54"]
[White "Parvanyan, Ashot"]
[Black "Afshar, Niusha"]
[Result "1-0"]
[WhiteElo "2197"]
[BlackElo "1961"]
[WhiteFideId "13307550"]
[BlackFideId "12509892"]
[EventDate "2015.12.23"]

1. e4 c5 2. Nf3 Nc6 3. Nc3 e5 4. Bc4 d6 5. O-O Be7 6. d3 Nf6 7. Ng5 O-O 8. f4
exf4 9. Bxf4 h6 10. Nf3 Be6 11. Bd5 Nb4 12. Bxe6 fxe6 13. Nd2 Nc6 14. Nc4 d5 15.
exd5 exd5 16. Ne5 Nxe5 17. Bxe5 Bd6 18. Bxf6 Rxf6 19. Qh5 d4 20. Ne4 Rxf1+ 21.
Rxf1 Be7 22. Nxc5 Bxc5 23. Qxc5 b6 24. Qc4+ Kh8 25. Rf4 Rc8 26. Rxd4 Qe8 27. Re4
Qf8 28. Qb3 Qc5+ 29. d4 Qg5 30. Re3 Qf4 31. Qd3 Rf8 32. Rf3 Qc1+ 33. Qf1 Qxf1+
34. Kxf1 Rd8 35. c3 Rd5 36. Ke2 b5 37. Kd3 a5 38. b3 Rh5 39. h3 1-0

[Event "4th Al Ain Chess Classic"]
[Site "Al-Ain UAE"]
[Date "2015.12.27"]
[Round "6.55"]
[White "Ali, Abdulaziz"]
[Black "Jayakumaar S"]
[Result "0-1"]
[WhiteElo "1855"]
[BlackElo "2169"]
[WhiteFideId "9304347"]
[BlackFideId "5090997"]
[EventDate "2015.12.23"]

1. e4 e5 2. Nf3 Nc6 3. Bb5 a6 4. Ba4 Nf6 5. O-O Be7 6. Qe2 d6 7. c3 Bg4 8. Bxc6+
bxc6 9. d4 exd4 10. cxd4 O-O 11. h3 Bh5 12. Nc3 Re8 13. g4 Bg6 14. e5 Nd7 15.
Rd1 Qc8 16. Qc4 h5 17. Qxc6 hxg4 18. hxg4 Rb8 19. Nd5 Bf8 20. Nxc7 Nxe5 21. dxe5
Qxg4+ 22. Kf1 Be4 23. Qc3 Bxf3 24. Nxe8 Qg2+ 25. Ke1 Qg1+ 0-1

[Event "4th Al Ain Chess Classic"]
[Site "Al-Ain UAE"]
[Date "2015.12.27"]
[Round "6.56"]
[White "Anisuzzaman, Jewel"]
[Black "Abtini, Hasan"]
[Result "0-1"]
[WhiteElo "2078"]
[BlackElo "1992"]
[WhiteFideId "10204695"]
[BlackFideId "7601506"]
[EventDate "2015.12.23"]

1. e4 d6 2. d4 Nf6 3. Nc3 e5 4. Nf3 Nbd7 5. Be2 Be7 6. h3 O-O 7. Be3 Re8 8. O-O
Bf8 9. dxe5 dxe5 10. Bg5 h6 11. Be3 c6 12. Bc4 b5 13. Bd3 Nc5 14. Bxc5 Bxc5 15.
a4 b4 16. Ne2 Nh5 17. Kh2 Be6 18. g3 Qf6 19. Neg1 Rad8 20. Qe2 Rd6 21. a5 Red8
22. b3 Bxb3 23. a6 Bb6 24. Rab1 Be6 25. Rxb4 g6 26. Rbb1 Kh7 27. Nd2 Rd4 28.
Ngf3 Ra4 29. Ra1 Rxa1 30. Rxa1 Ng7 31. Kg2 Ne8 32. Rb1 Bc8 33. Nc4 Bc7 34. Ra1
Qe6 35. g4 Qe7 36. Qe3 c5 37. Nfd2 f6 38. Nb3 Bb6 39. Nxb6 axb6 40. Bc4 Nc7 41.
Qe2 Qd7 42. f3 b5 43. Bd5 Nxa6 44. c4 b4 45. Ra5 Qc7 46. Qa2 Rd6 47. Qf2 f5 48.
Rb5 Rb6 49. Ra5 Rf6 50. Qg1 fxg4 51. hxg4 h5 52. Qh2 Qe7 53. gxh5 g5 54. Rb5 Rf4
55. h6 Rh4 56. Qg1 g4 57. Kf2 Qf6 58. Nd2 Qf4 59. Nf1 Qxf3+ 60. Ke1 Qc3+ 61. Ke2
Qf3+ 62. Ke1 Rh3 63. Qf2 Qc3+ 64. Qd2 Qxd2+ 65. Kxd2 g3 66. Nxg3 Rxg3 67. Bb7
Bxb7 68. Rxb7+ Kxh6 69. Re7 Rg6 70. Rxe5 Rd6+ 71. Ke3 Kg6 72. Re7 Rb6 73. Kd2
Kf6 74. Rh7 Ke5 75. Ke3 Rf6 76. Rh5+ Ke6 77. Rd5 Rf1 78. Rh5 Kd7 79. Rd5+ Kc6
80. e5 Rb1 81. Kd3 Nc7 82. e6 Nxe6 83. Rh5 Kd6 84. Ke3 Nd4 85. Rh2 0-1

[Event "4th Al Ain Chess Classic"]
[Site "Al-Ain UAE"]
[Date "2015.12.27"]
[Round "6.57"]
[White "Sameir, Ramez"]
[Black "Musallam Salim Al Aamri"]
[Result "1-0"]
[WhiteElo "2080"]
[BlackElo "1888"]
[WhiteFideId "10606017"]
[BlackFideId "22000399"]
[EventDate "2015.12.23"]

1. e4 e5 2. Nf3 Nc6 3. Nc3 Nf6 4. d4 exd4 5. Nxd4 Bc5 6. Nxc6 dxc6 7. Qxd8+ Kxd8
8. Bg5 h6 9. O-O-O+ Ke7 10. Bh4 g5 11. Bg3 Be6 12. f3 a5 13. Bxc7 b5 14. Kb1 a4
15. Bd3 b4 16. Ne2 b3 17. cxb3 Ra7 18. Be5 axb3 19. a3 Rha8 20. Bd4 Ra5 21.
Bxc5+ Rxc5 22. Rc1 Rxc1+ 23. Rxc1 Rd8 24. Rc3 c5 25. Nc1 c4 26. Bxc4 Bxc4 27.
Rxc4 Rd2 28. Nxb3 Rxg2 29. a4 Kd6 30. a5 Nd7 31. a6 Ne5 32. a7 Nxc4 33. a8=Q
Rxb2+ 34. Kc1 Rxb3 35. Qd5+ Ke7 36. Qxc4 Rxf3 37. e5 Kf8 38. Qc6 Rf1+ 39. Kd2
Kg7 40. h4 Rf5 41. h5 Rxe5 42. Qc3 Kf6 43. Qd4 g4 44. Qf4+ Rf5 45. Qxh6+ Ke5 46.
Qg7+ Kf4 47. h6 1-0

[Event "4th Al Ain Chess Classic"]
[Site "Al-Ain UAE"]
[Date "2015.12.27"]
[Round "6.58"]
[White "Ashid, Tsetsegulzii"]
[Black "Abucejo, Armel N"]
[Result "1-0"]
[WhiteElo "1869"]
[BlackElo "2032"]
[WhiteFideId "4902904"]
[BlackFideId "5213266"]
[EventDate "2015.12.23"]

1. e4 c6 2. d4 d5 3. Nc3 dxe4 4. Nxe4 h6 5. Bc4 Bf5 6. Ng3 Bh7 7. Nh3 Nf6 8. O-O
e6 9. Nf4 Bd6 10. c3 O-O 11. Bb3 Qc7 12. Qf3 Nbd7 13. Nd3 b5 14. Re1 Rfe8 15.
Bf4 Nd5 16. Bxd6 Qxd6 17. Ne4 Bxe4 18. Qxe4 N5f6 19. Qe2 Rab8 20. Rad1 Qc7 21.
Ne5 Rbd8 22. Bc2 a6 23. a4 Rb8 24. axb5 cxb5 25. Rd3 Rec8 26. Rg3 Nf8 27. Ng4
Nxg4 28. Qxg4 f6 29. Bb3 Kh8 30. Bxe6 Nxe6 31. Rxe6 Re8 32. Rge3 Rxe6 33. Qxe6
a5 34. d5 Rd8 35. Rd3 Qb8 36. Re3 Rd6 37. Qf7 Kh7 38. g3 Qg8 39. Qxg8+ Kxg8 40.
Rd3 a4 41. f4 Kf7 42. Kf2 Ke7 43. Ke3 Rd7 44. Kd4 Kd6 45. Re3 Rc7 46. Re6+ Kd7
47. Rb6 Rc4+ 48. Ke3 Rc5 49. Rb7+ Kd6 50. Ke4 f5+ 51. Kxf5 Rxd5+ 52. Ke4 Rd2 53.
Rxb5 Rxh2 54. Rb4 Rg2 55. Kf3 Rc2 56. Kg4 a3 57. bxa3 Rxc3 58. Ra4 Ke6 59. Ra6+
Kf7 60. a4 g6 61. a5 Ra3 62. Ra8 Kg7 63. a6 Kf7 64. Kh4 Ra4 65. g4 Rxf4 66. a7
Ra4 67. Rh8 1-0

[Event "4th Al Ain Chess Classic"]
[Site "Al-Ain UAE"]
[Date "2015.12.27"]
[Round "6.59"]
[White "Parnali, S Dharia"]
[Black "Al Hosani, Omran"]
[Result "1-0"]
[WhiteTitle "WIM"]
[BlackTitle "CM"]
[WhiteElo "2002"]
[BlackElo "1817"]
[WhiteFideId "5043131"]
[BlackFideId "9308733"]
[EventDate "2015.12.23"]

1. d4 Nf6 2. c4 g6 3. g3 Bg7 4. Bg2 O-O 5. Nc3 d6 6. Nf3 Nbd7 7. O-O c6 8. Qc2
e5 9. Rd1 Qc7 10. b3 Nh5 11. Ba3 Rd8 12. Rd2 f5 13. dxe5 Nxe5 14. Rad1 Nf7 15.
Bb2 Be6 16. Nd4 Qe7 17. e3 Nf6 18. e4 fxe4 19. Nxe4 Nxe4 20. Qxe4 Ng5 21. Qb1
Bg4 22. Re1 Qf7 23. f4 Nh3+ 24. Bxh3 Bxh3 25. Nf3 Bf5 26. Qa1 Bxb2 27. Qxb2 Rd7
28. Rde2 h6 29. Re3 Bg4 30. Qg2 Qf6 31. h3 Bxf3 32. Qxf3 Rf8 33. Re6 Qd4+ 34.
Kg2 Rg7 35. Qd1 Qxd1 36. Rxd1 Rd8 37. Rexd6 Rxd6 38. Rxd6 Kh7 39. Kf3 Re7 40. g4
c5 41. h4 b6 42. f5 gxf5 43. gxf5 Rf7 44. Kf4 Kg7 45. Rg6+ Kh7 46. Ke5 Re7+ 47.
Re6 Rf7 48. h5 Kg7 49. Rg6+ Kh7 50. f6 a6 51. Ke6 Rc7 52. f7 Rc8 53. Kd7 Ra8 54.
Ke7 Ra7+ 55. Kf6 Ra8 56. Rg7+ Kh8 57. Kg6 Rd8 58. Rh7# 1-0